The ULTIMATE Club Penguin Quiz - Statistics

General Stats
  • This quiz has been taken 60 times
  • The average score is 11 of 30
Answer Stats
Question Answer % Correct
How many polar bears appear on Club Penguin island? 1
98%
What year did Club Penguin Launch? 2005
94%
Which company purchased Club Penguin for $350 million? Disney
92%
What year did Club Penguin shut down? 2017
88%
What could penguins throw? Snowballs
80%
How many Night Of The Living Sled movies and plays appeared in Club Penguin? 6
76%
Despite popular belief, what could not be tipped until shortly before the games shutdown? The Iceberg
75%
How many golden nuggets were needed to obtain a gold puffle? 15
67%
How many coins did a puffle cost? 400
55%
Who was the director of the EPF? Aunt Arctic
55%
Which Card-Jitsu mode was planned but never released? Card-Jitsu Shadow
39%
What is the maximum amount of likes that an igloo can have? 99999
33%
Who is the keeper of the boiler room? A Green Puffle
31%
Which minigame was replaced by SoundStudio? DJ3K
31%
Which party occurred at the same time as the 6th anniversary party? Halloween Party 2011
25%
How old did your penguin have to be for you to become a tour guide? 45 Days
24%
Who composed most of the music for Club Penguin? Screenhog
22%
What company developed Club Penguin? New Horizon Interactive
16%
Fill In the blank: "Norman Swarm Has Been _______" Transformed
14%
What was the first party ever held in Club Penguin? Beta Test Party
12%
What was the stage originally planned to be? Dojo/Bowling Alley
12%
Which Canadian band's songs featured in Penguin Chat and Club Penguin? TAS 1000
10%
Which penguin was a stowaway on Rockhopper's ship? Bambadee
8%
What was the name of Club Penguin's only album? Club Penguin: The Party Starts Now!
8%
What type of hat did Fluffy think was food? A Top Hat
6%
What font does the Club Penguin logo use? Bumbastika
2%
Who was the first penguin to catch the mullet? G Billy
2%
What is Gary's stuffed T-Rex called? Lord Chompington
2%
What is Gary most likely to save the island with? Milkshakerocketcopter3000
0%
What party lasted the longest, at a whopping 78 days? Operation: Crustacean
0%
No matching quizzes found
Score Distribution
Percent of People with Each Score
Percentile by Number Answered
Your Score History
You have not taken this quiz